| 000 | 00516nam a2200217Ia 4500 | ||
|---|---|---|---|
| 003 | OSt | ||
| 005 | 20220924153546.0 | ||
| 006 | a|||||r|||| 00| 0 | ||
| 007 | ta | ||
| 008 | 220923b |||||||| |||| 00| 0 mar d | ||
| 024 | _a350722 | ||
| 037 | _cTextual | ||
| 040 |
_aARTS _cARTS _bmar |
||
| 041 |
_2mar _amar |
||
| 082 | _aO155, L7 | ||
| 100 |
_aBarve P P M Au. _9229191 |
||
| 245 | 0 | _aSakhar | |
| 260 | _c1977 | ||
| 942 |
_hO155, L7 _cTEXL _2CC |
||
| 999 |
_c474032 _d474032 |
||